|
|
|
|
| LEADER |
00000cam a2200000 7i4500 |
| 001 |
0000174113 |
| 005 |
20130408.0 |
| 020 |
|
|
|a 9780091946821
|
| 090 |
0 |
0 |
|a 796.334092
|b SAM
|
| 100 |
1 |
|
|a Samuel, Charles
|
| 245 |
1 |
0 |
|a Chicharito :
|b the Javier Hernandez story
|c Charles Samuel
|
| 260 |
|
|
|a s.l. :
|b Ebury Press ,
|c 2012
|
| 300 |
|
|
|a 128p. ;
|c 25cm.
|
| 600 |
0 |
0 |
|a Hernandez Balcazar, Javier ,
|d 1988-
|
| 650 |
0 |
0 |
|a Soccer players
|z England
|z Manchester
|x Biography
|
| 650 |
0 |
0 |
|a Soccer players
|z Mexico
|x Biography
|
| 999 |
|
|
|a 00263724
|b BUKU
|c PINJAMAN
|e PERPUSTAKAAN KOMUNITI PETALING JAYA
|